000 003730000a22001090004500
090 _aAS
_bSeriadas
245 1 0 _aAnálisis de características morfométricas en cangrejos (<Crustacea: Decapoda: Pseudothelphusidae>) usando métodos multivariados
041 0 _aEspañol
100 1 _aCampos, Martha R.
_963261
942 _cARTICULO
773 1 _tCaldasia
_345
_h76
_q87-92
_d1989
_g16
999 _c14413
_d14413